000 00905nam a2200253 i 4500
001 bg
100 1 _aSZREDER, Jarosław
245 1 0 _aWspółdziałanie sektora publicznego i prywatnego w rozwoju lokalnym /
_cJarosław Szreder.
260 _aSłupsk :
_bWyższa Szkoła Zarządzania,
_c2004.
300 _a230 s. :
_bwykr. ;
_c23 cm.
500 _aNa okł. podtyt.: partnerstwo publiczno-prywatne.
504 _aBibliogr. s. 214-223, akty prawne s. 224-227.
650 9 _aGospodarka terenowa
_zPolska
_yod 1989 r.
650 9 _aSektor prywatny
_xa sektor publiczny
_zPolska
_yod 1989 r.
650 9 _aSektor publiczny
_xa sektor prywatny
_zPolska
_yod 1989 r.
015 _aPB 2923/2005
020 _a8388473182
040 _cBPK
041 0 _apol
080 _a332.1:330.322.12:330.322.14](438)"1989/..."
920 _a83-88473-18-2
942 _cKS
008 s pl f |000 0 pol
999 _c51419
_d51419
856 _uhttp://koha.tu.koszalin.pl/cgi-bin/koha/opac-detail.pl?biblionumber=51419
_yKatalog online BPK